000 00663nam a2200217Ii 4500
003 JO-AjNU
008 230606s9999||||xx |||||||||||||| ||und||
020 _a978-1-316-51898-4
040 _aJO-AjNU
_beng
_erda
_cJO-AjNU
041 _aeng
050 1 4 _aQA76.9.B45.W75 2021
100 3 _aWright, Stephen J., Benjamin Recht,
_eauthor
_96575
245 0 0 _aOptimization for Data Analysis
250 _a1ed
264 3 1 _aUSA: Cambridge University Prees, 2021
300 _a227p
336 _atext
_btxt
_2rdacontent
337 _aunmediated
_bn
_2rdamedia
338 _avolume
_bnc
_2rdacarrier
650 4 _aMathematical Optimization-Quantitative research
_96576
999 _aE3412
_c3408
_d3408